The last of the Mohicans (Record no. 186094)

MARC details
000 -LÍDER
campo de controle de tamanho fixo 00353 a2200157 4500
001 - NÚMERO DE CONTROLE
campo de controle 186094
020 ## - ISBN - INTERNATIONAL STANDARD BOOK NUMBER
ISBN - International Standard Book Number 978-1-4050-7618-0
040 ## - FONTE DA CATALOGAÇÃO
Instituição que transcreveu o registro Magnum
100 ## - ENTRADA PRINCIPAL--NOME PESSOAL
Nome pessoal Cooper, James Fenimore
240 10 - TÍTULO UNIFORME
Título uniforme The last of the Mohicans
Idioma da obra ING
245 10 - TÍTULO
Título The last of the Mohicans
300 ## - DESCRIÇÃO FÍSICA
Extensão 62
362 0# - DATAS DE PUBLICAÇÃO E/OU DESIGNAÇÃO SEQUENCIAL
Datas de publicação e/ou designação sequencial 2005
697 ## - ENTRADA DE ASSUNTO LOCAL--ENTIDADE COLETIVA (RLIN)
Nome corporativo ou nome da jurisdição LITERATURA INGLESA
942 ## - ELEMENTOS DE ENTRADA ADICIONADOS (KOHA)
Tipo de material Koha Livros
Holdings
Situação do descarte Situação das perdas Situação física Não pode ser emprestado Biblioteca de origem Biblioteca atual Data de aquisição Total de empréstimos Número de chamada completo Código de barras Data de último acesso Data do preço efetivo Tipo de material Koha
        Magnum Magnum 08/06/2024   890.1.77 MAG00052091 08/06/2024 08/06/2024 Livros
        Magnum Magnum 08/06/2024   890.1.77 MAG00052092 08/06/2024 08/06/2024 Livros
        Magnum Magnum 08/06/2024   890.1.77 MAG00052093 08/06/2024 08/06/2024 Livros
        Magnum Magnum 08/06/2024   890.1.77 MAG00052094 08/06/2024 08/06/2024 Livros
        Magnum Magnum 08/06/2024   890.1.77 MAG00052095 08/06/2024 08/06/2024 Livros
        Magnum Magnum 08/06/2024   890.1.77 MAG00052096 08/06/2024 08/06/2024 Livros
        Magnum Magnum 08/06/2024   890.1.77 MAG00052097 08/06/2024 08/06/2024 Livros
        Magnum Magnum 08/06/2024   890.1.77 MAG00052098 08/06/2024 08/06/2024 Livros
        Magnum Magnum 08/06/2024   890.1.77 MAG00052099 08/06/2024 08/06/2024 Livros
        Magnum Magnum 08/06/2024   890.1.77 MAG00052100 08/06/2024 08/06/2024 Livros
        Magnum Magnum 08/06/2024   890.1.77 MAG00052101 08/06/2024 08/06/2024 Livros
        Magnum Magnum 08/06/2024   890.1.77 MAG00052102 08/06/2024 08/06/2024 Livros
        Magnum Magnum 08/06/2024   890.1.77 MAG00052103 08/06/2024 08/06/2024 Livros